| 000 | 01008nam a22003017a 4500 | ||
|---|---|---|---|
| 001 | 9427 | ||
| 003 | FISKH | ||
| 005 | 20260106142117.0 | ||
| 008 | 260106b cb ||||| |||| 00| 0 eng d | ||
| 020 | _a9780671500924 | ||
| 040 |
_aFISKH _beng _cFISKH _dFISKH |
||
| 050 | _aPZ7.C8344 S | ||
| 082 | _a532 | ||
| 100 |
_aCoville, Bruce _eAuthor |
||
| 245 |
_aPlanet of dips / _cBruce Coville ; Interior illustrations by Katherine Coville |
||
| 260 |
_aNew York : _bPocket Books , _c1995 |
||
| 300 |
_a71 pages : _billustrations ; _c19 cm |
||
| 490 |
_aSpace brat : _v4 |
||
| 505 | _aN | ||
| 520 | _aWhen Dr. Pimento fiddles with the wiring on Blork's new ship, his mistake sends the entire crew hurtling off to the silliest planet in the galaxy, the Planet of the Dips. | ||
| 521 | 8 |
_a570
_bLexile |
|
| 521 | 8 |
_aN
_bRaz-Plus |
|
| 650 |
_aJuvenile fiction _vLiterature |
||
| 650 |
_aScience fiction _vSpace |
||
| 700 |
_aCoville, Katherine _eIllustrator |
||
| 942 |
_2ddc _cBK _n0 |
||
| 999 |
_c9427 _d9427 |
||